00339 a2200133 4500001000700000003000400007005001700011008004100028082001600069100001600085245005400101260004000155300001000195067281OSt20211108142830.0  a541.3bY11Q1 aYadav, M.S.1 aQuick review in physical chemistrycby M.S. Yadav aNew DelhibAnmol Publicationsc2003 a288p.